000 01368nam a2200217Ia 4500
001 18621
003 GE_BSU
008 181216s||||||||xx |||||||||||||| ||und||
040 _cGE_BSU
080 _a796+373
100 _aაბულაძე,ოთარ
245 _aპროექტი (საფეხბურთო ლიგის მაგალითზე):როდესაც სპორტი ცვლის სამყაროს
260 _aთბილისი
260 _c2016
300 _a32გვ.27სმ.ილ.
520 _aსასკოლო/საუნივერსიტეტო/სამოყვარულო სპორტული ღონისძიებების (გუნდური სახეობები)გამართვის ზოგადი ნიმუში.
653 _aპროექტი (საფეხბურთო ლიგის მაგალითზე)
653 _aროდესაც სპორტი ცვლის სამყაროს
653 _aსასკოლო/საუნივერსიტეტო/სამოყვარულო სპორტული ღონისძიებების (გუნდური სახეობები)გამართვის ზოგადი ნიმუში
942 _cBK
999 _c51630
_d51630